| 000 | 00587cam a22002292a 4500 | ||
|---|---|---|---|
| 001 | 006997 | ||
| 003 | AR-FADEU | ||
| 008 | 311216n1980####xxu####################dd | ||
| 020 | _a968-411-033-2 | ||
| 092 |
_a320.532.2 _bG354a |
||
| 100 | _aGeras, Norman | ||
| 245 | _aActualidad del pensamiento de Rosa Luxemburgo | ||
| 260 | _aMéxico | ||
| 260 | _bEdiciones Era | ||
| 260 | _c1980 | ||
| 300 | _a172 p | ||
| 440 | _aEl hombre y su tiempo | ||
| 500 | _aIncluye bibliografía | ||
| 700 | _aAna María, Palos, tr. | ||
| 650 | _aLUXEMBURGO, ROSA-PENSAMIENTO | ||
| 942 | _cBDGR | ||
| 999 |
_c12811 _d12811 |
||